Dinosaures par images - Tyrannosaures - Statistiques

Statistiques générales
  • Ce quiz a été pris 53 fois
  • Le résultat moyen est 6 sur 39
Statistiques - réponses
Par images Réponse % Correct
Tyrannosaurus
95%
Albertosaurus
59%
Yutyrannus
46%
Tarbosaurus
36%
Guanlong
33%
Nanotyrannus
33%
Daspletosaurus
31%
Gorgosaurus
31%
Nanuqsaurus
21%
Proceratosaurus
21%
Alioramus
15%
Lythronax
13%
Asiatyrannus
10%
Dilong
10%
Eotyrannus
10%
Raptorex
10%
Sinotyrannus
10%
Qianzhousaurus
8%
Zhuchengtyrannus
8%
Appalachiosaurus
5%
Bistahieversor
5%
Dynamoterror
5%
Labocania
5%
Moros
5%
Teratophoneus
5%
Thanatotheristes
5%
Alectrosaurus
3%
Calamosaurus
3%
Dryptosaurus
3%
Juratyrant
3%
Stokesosaurus
3%
Suskityrannus
3%
Xiongguanlong
3%
Bagaraatan
0%
Jinbeisaurus
0%
Khankhuuluu
0%
Kileskus
0%
Timimus
0%
Timurlengia
0%
Aucun quiz correspondant
Distribution des résultats
% des personnes avec chaque résultat
Percentile par nombre de réponses
Votre historique - résultats
Vous n’avez pas pris ce quiz